000 00792nam a2200205Ia 4500
003 OSt
005 20211011113152.0
008 210310s1994 ck gr 000 0 spa d
040 _aCO-JMCR
_cCO-JMCR
041 0 _aspa
082 0 4 _a338.17373 /
_bF293j
_223
110 2 _aFederación Nacional de Cafeteros de Colombia
_eautor
_936376
245 1 4 _aLos jefes de estado ante la industria cafetera /
_cFederación Nacional de Cafeteros de Colombia ; compilador, Silverio Pérez Gómez
260 _aBogotá :
_bLa imprenta,
_c1994.
300 _a175 páginas ;
_c24 cm.
650 1 4 _aCafé
_xAspectos económicos
_vHistoria
_y1930-1992
_928838
650 2 4 _aComercio del café
_xHistoria
_y1930-1992
_zColombia
_941068
700 _aPérez Gómez, Silverio,
_ecompilador
_941069
942 _2ddc
_cBK
999 _c12652
_d12652